Reglamento de las Comisiones y de las Sesiones de la Excelentísima Diputación Provincial de Barcelona : [Aprovat pel Ple del dia 23 de maig de 1949] [Aprovat pel Ple del dia 23 de maig de 1949]
Descripción Física:
14 p. ; 15'5 cm
MARC
| LEADER | 00000nam a2200000Ia 4500 | ||
|---|---|---|---|
| 001 | 9967 | ||
| 008 | 160829s9999 xx 000 0 cat d | ||
| 080 | |a FU-2-17 | ||
| 110 | 1 | |a Barcelona (Catalunya : Província). |b Diputació |9 52408 | |
| 245 | |a Reglamento de las Comisiones y de las Sesiones de la Excelentísima Diputación Provincial de Barcelona : |b [Aprovat pel Ple del dia 23 de maig de 1949] | ||
| 260 | |a Barcelona : |b (Imp. Casa Caritat), [1949?] | ||
| 300 | |a 14 p. ; |c 15'5 cm | ||
| 610 | 1 | 0 | |9 54211 |a Barcelona (Catalunya : Província). |b Diputació |x Comissions |
| 610 | 0 | |a Barcelona (Catalunya : Província). |b Diputació |x Reglaments i procediment |9 54210 | |
| 901 | |a Arxiu | ||
| 942 | |n 1 |2 udc | ||
| 952 | |0 0 |1 0 |4 0 |6 FU217 |7 1 |9 42449 |a Arxiu |b Arxiu |d 2016-12-01 |l 0 |o FU-2-17 |p 9967 |r 2016-12-01 00:00:00 |w 2016-12-01 |y ARXIU | ||
| 999 | |c 44954 |d 44954 | ||